| 000 | 00467nam a2200169Ia 4500 | ||
|---|---|---|---|
| 008 | 210719s1998 xx 000 0 und d | ||
| 020 | _a81-7371-1372 | ||
| 041 | _aeng | ||
| 082 | _a510.02KAK KAHH | ||
| 100 | _aKAHAN (Steven) | ||
| 245 | _aHave some sums to solve: the compleat alphametics book. | ||
| 260 |
_aHyderabad _bUniversities Press _c1998 |
||
| 300 |
_axii,114 _bPB |
||
| 365 |
_b125 _cRs |
||
| 650 | _aMathematics | ||
| 906 | _aMathematics Problems Sums | ||
| 999 |
_c213814 _d213814 |
||